বাংলাদেশের খাদ্যশস্য ও অর্থকরী ফসল = (Cereal and cash crops of Bangladesh) / (Record no. 41566)
[ view plain ]
| 000 -LEADER | |
|---|---|
| fixed length control field | 01083nam a22002417a 4500 |
| 001 - CONTROL NUMBER | |
| control field | 41566 |
| 003 - CONTROL NUMBER IDENTIFIER | |
| rucl marc code | BD-RjUL |
| 005 - DATE AND TIME OF LATEST TRANSACTION | |
| control field | 20211209053419.0 |
| 008 - FIXED-LENGTH DATA ELEMENTS--GENERAL INFORMATION | |
| fixed length control field | 160602s1985 bg a|||| b||| 00| 0 ben d |
| 020 ## - INTERNATIONAL STANDARD BOOK NUMBER | |
| Terms of availability | : TK 140.00 |
| 035 ## - SYSTEM CONTROL NUMBER | |
| System control number | (BD-RjUL)41684 |
| 040 ## - CATALOGING SOURCE | |
| Original cataloging agency | BD-RjUL |
| Language of cataloging | ben |
| Transcribing agency | BD-RjUL |
| 041 ## - LANGUAGE CODE | |
| Language code of text/sound track or separate title | ben |
| 082 ## - DEWEY DECIMAL CLASSIFICATION NUMBER | |
| Edition number | 23 |
| Classification number | 641.3095492 |
| Author mark and year | KUB 1985 |
| 100 ## - MAIN ENTRY--PERSONAL NAME | |
| Personal name | কুদ্দুস, মোহাম্মদ আবদুল |
| 9 (RLIN) | 127717 |
| 245 10 - TITLE STATEMENT | |
| Title | বাংলাদেশের খাদ্যশস্য ও অর্থকরী ফসল = (Cereal and cash crops of Bangladesh) / |
| Statement of responsibility, etc. | মোহাম্মদ আবদুল কুদ্দুস |
| 260 ## - PUBLICATION, DISTRIBUTION, ETC. (IMPRINT) | |
| Place of publication, distribution, etc. | ঢাকা : |
| Name of publisher, distributor, etc. | বাংলা একাডেমী, |
| Date of publication, distribution, etc. | ১৯৮৫ |
| 300 ## - PHYSICAL DESCRIPTION | |
| Pagination | [১০], ৪০৩ পৃ. : |
| Illustrations | চিত্র ; |
| Size | ২৩ সেমি. |
| 504 ## - BIBLIOGRAPHY, ETC. NOTE | |
| Bibliography, etc | গ্রন্থপঞ্জি ও পরিশিষ্ট সম্বলিত |
| 650 ## - SUBJECT ADDED ENTRY--TOPICAL TERM | |
| Topical term or geographic name as entry element | অর্থকরী ফসল |
| Geographic subdivision | বাংলাদেশ |
| 9 (RLIN) | 127718 |
| Topical term or geographic name as entry element | Cash Crops |
| Geographic subdivision | Bangladesh |
| 9 (RLIN) | 127719 |
| 942 ## - ADDED ENTRY ELEMENTS (KOHA) | |
| Source of classification or shelving scheme | Dewey Decimal Classification |
| Koha item type | Books |
| Lost status | Source of classification or shelving scheme | Damaged status | Not for loan | Collection code | Permanent Location | Current Location | Shelving location | Date acquired | Source of acquisition | Total Checkouts | Full call number | Date last seen | Copy number | Koha item type | Cost, normal purchase price |
|---|---|---|---|---|---|---|---|---|---|---|---|---|---|---|---|
| Dewey Decimal Classification | Non-fiction | Central Library, University of Rajshahi | Central Library, University of Rajshahi | 13/10/1992 | Bangla Academy, Dhaka | B 641.3095492 KUB 1985 | 02/06/2016 | C-2 | Books | ||||||
| Dewey Decimal Classification | Non-fiction | Central Library, University of Rajshahi | Central Library, University of Rajshahi | 29/10/1987 | Bangla Academy, Dhaka | B 641.3095492 KUB 1985 | 02/06/2016 | C-3 | Books | 140.00 | |||||
| Dewey Decimal Classification | Non-fiction | Central Library, University of Rajshahi | Central Library, University of Rajshahi | 29/10/1987 | B 641.3095492 KUB 1985 | 14/11/2016 | C-4 | Books | 140.00 | ||||||
| Dewey Decimal Classification | Non-fiction | Central Library, University of Rajshahi | Central Library, University of Rajshahi | 29/10/1987 | Bangla Academy, Dhaka. | B 641.3095492 KUB 1985 | 14/11/2016 | C-5 | Books | 140.00 | |||||
| Dewey Decimal Classification | Non-fiction | Central Library, University of Rajshahi | Central Library, University of Rajshahi | 29/10/1987 | Bangla Academy, Dhaka | B 641.3095492 KUB 1985 | 24/11/2016 | C-7 | Books | 140.00 | |||||
| Dewey Decimal Classification | Not For Loan | Non-fiction | Central Library, University of Rajshahi | Central Library, University of Rajshahi | Reading Room | 23/02/1986 | Dhaka, Bangla Academy | B 641.3095492 KUB 1985 | 23/04/2017 | C-1 | Books | 140.00 |